Представление документа в формате MARC21

Поле Инд. ПП Название Значение
Тип записи a
Библиографический уровень b
001 Контрольный номер RU/IS/BASE/212257046
005 Дата корректировки 20220715140318.3
008 Кодируемые данные 20060922
040 b Код языка каталог. rus
e Правила каталог. PSBO
041 0_ a Код языка текста rus
084 a Индекс другой классификации/Индекс ББК 60.561.37; 66.4в
100 1_ a Автор Кочетков В. В.
q Полное имя Кочетков Владимир Викторович
245 10 a Заглавие Цивилизационная идентичность России
504 a Библиография Библиогр. ссылки. - Примеч.
650 a Основная рубрика политика
a Основная рубрика политическая социология
a Основная рубрика политическая философия (философия политики)
a Основная рубрика социология
653 a Ключевые слова геополитические интересы
a Ключевые слова Европейский союз (ЕС)
a Ключевые слова международные отношения
a Ключевые слова национальная идентичность
a Ключевые слова расширение Европейского союза
a Ключевые слова российская цивилизация
a Ключевые слова Россия
a Ключевые слова социология международных отношений
a Ключевые слова цивилизационная идентичность
773 0_ t Заглавие источника Вестник Московского университета. Серия 18, Социология и политология
d Дата издания источника 2006
g Прочая информация № 3. - С. 26 - 38
w Контрольный № источника RU/IS/BASE/211298150
901 t Тип документа b